[Event "Junior Online 4NCL Division 1"]
[Site "online"]
[Date "2021.04.01"]
[EventDate "2021.04.01"]
[Round "6.85"]
[White "Triffitt, Bradley"]
[WhiteElo "1548"]
[WhiteTeam "Hull & York Vikings"]
[Black "Ufland, Mikhail"]
[BlackElo "1473"]
[BlackTeam "St Albans Early Knights 2"]
[Result "1/2-1/2"]
[PlyCount "83"]

1. d4 d5 2. c4 e6 3. cxd5 exd5 4. Nc3 Nf6 5. Nf3 Be7 6. Bg5 O-O 7. e3 b6 8. Rc1 Bb7 9. Be2 Nbd7 10. O-O Ne4 11. Bf4 c5 12. Nb5 Ndf6 13. h3 a6 14. Nc3 Rc8 15. Nd2 cxd4 16. exd4 Bd6 17. Bxd6 Qxd6 18. Ndxe4 Nxe4 19. Nxe4 dxe4 20. Qd2 Qd5 21. Qe3 Qxa2 22. Ra1 Qd5 23. Bxa6 Bxa6 24. Rxa6 Rb8 25. Re1 Rfe8 26. Ra7 h6 27. Rc1 Rbc8 28. Rac7 Rxc7 29. Rxc7 b5 30. Rc5 Qd7 31. d5 Re5 32. Qb3 Rg5 33. Rxb5 Qd6 34. Qc4 e3 35. fxe3 Qg3 36. Qc2 Qxe3+ 37. Kh1 Qe1+ 38. Kh2 Qg3+ 39. Kg1 Qe1+ 40. Kh2 Qg3+ 41. Kg1 Qe1+ 42. Kh2 {[W: 0:00:42; B: 0:00:49]} 1/2-1/2

[Event "Junior Online 4NCL Division 1"]
[Site "online"]
[Date "2021.04.01"]
[EventDate "2021.04.01"]
[Round "6.86"]
[White "Ravithas, Abinash"]
[WhiteElo "1472"]
[WhiteTeam "St Albans Early Knights 2"]
[Black "Kumaar, Sai Chinmayee N"]
[BlackElo "1485"]
[BlackTeam "Hull & York Vikings"]
[Result "1-0"]
[PlyCount "111"]

1. e4 c5 2. Bc4 d6 3. Nc3 e6 4. Nf3 Bd7 5. d3 Be7 6. Bf4 a6 7. a4 Nc6 8. h3 Nf6 9. O-O O-O 10. Re1 h6 11. e5 dxe5 12. Nxe5 Nxe5 13. Bxe5 Nh7 14. Qg4 Bf6 15. Bxf6 Qxf6 16. Re3 Qg5 17. Qxg5 Nxg5 18. Ne4 Nxe4 19. dxe4 Bc6 20. Rf1 Rad8 21. Bd3 Rfe8 22. b3 Kh8 23. Rfe1 Kg8 24. Kf1 Kf8 25. Ke2 Re7 26. g3 Rc7 27. c4 a5 28. e5 b6 29. Be4 Bxe4 30. Rxe4 Rcd7 31. Re3 Rd2+ 32. Kf3 R2d3 33. Rxd3 Rxd3+ 34. Re3 Rxe3+ 35. Kxe3 Ke7 36. Ke4 g5 37. g4 Kd7 38. f4 gxf4 39. Kxf4 Ke7 40. g5 hxg5+ 41. Kxg5 Kf8 42. Kf6 Kg8 43. h4 Kf8 44. h5 Kg8 45. h6 Kh7 46. Kxf7 Kxh6 47. Kxe6 Kg5 48. Kd7 Kf5 49. e6 Ke5 50. e7 Kf6 51. e8=Q Kg7 52. Qe6 Kh7 53. Ke7 Kg7 54. Qg4+ Kh6 55. Kf6 Kh7 56. Qg7# {[W: 0:05:37; B: 0:04:28]} 1-0

[Event "Junior Online 4NCL Division 1"]
[Site "online"]
[Date "2021.04.01"]
[EventDate "2021.04.01"]
[Round "6.87"]
[White "Wood, Gabriel"]
[WhiteElo "1330"]
[WhiteTeam "Hull & York Vikings"]
[Black "Cowan, James"]
[BlackElo "1421"]
[BlackTeam "St Albans Early Knights 2"]
[Result "0-1"]
[PlyCount "126"]

1. e4 e5 2. Nf3 Nc6 3. Bc4 Bc5 4. c3 Nf6 5. d4 exd4 6. cxd4 Bb4+ 7. Bd2 Bxd2+ 8. Nbxd2 d5 9. exd5 Nxd5 10. Qe2+ Nce7 11. O-O O-O 12. Rfe1 Ng6 13. Bxd5 Qxd5 14. Ne4 Bg4 15. h3 Bxf3 16. Qxf3 Qxd4 17. Qc3 Qxc3 18. Nxc3 Rfe8 19. Nd5 Rxe1+ 20. Rxe1 Rc8 21. h4 c6 22. Ne7+ Nxe7 23. Rxe7 Rb8 24. f4 Kf8 25. Rc7 f6 26. g4 h6 27. Kf2 g5 28. hxg5 hxg5 29. fxg5 fxg5 30. Kg3 Kg8 31. Re7 a6 32. Re5 Kf7 33. Rxg5 Rg8 34. Rxg8 Kxg8 35. Kf4 Kf8 36. Kf5 Kf7 37. g5 b5 38. g6+ Kg7 39. Ke6 c5 40. Kd5 c4 41. Kc5 Kxg6 42. Kb6 b4 43. Kc5 c3 44. bxc3 bxc3 45. Kb6 c2 46. Kxa6 c1=Q 47. a4 Qc6+ 48. Ka5 Qa8+ 49. Kb5 Kf7 50. a5 Ke7 51. Kb6 Kd7 52. a6 Qb8+ 53. Ka5 Qa7 54. Kb5 Kc7 55. Ka5 Kc6 56. Ka4 Qxa6+ 57. Kb3 Qd3+ 58. Kb4 Kd6 59. Ka5 Qc4 60. Kb6 Qd5 61. Ka7 Qb3 62. Ka6 Kc6 63. Ka5 Qb5# {[W: 0:03:30; B: 0:09:37]} 0-1

[Event "Junior Online 4NCL Division 1"]
[Site "online"]
[Date "2021.04.01"]
[EventDate "2021.04.01"]
[Round "6.88"]
[White "Vitvitska, Vasylyna"]
[WhiteElo "1327"]
[WhiteTeam "St Albans Early Knights 2"]
[Black "Meredith, Daniel"]
[BlackElo "1278"]
[BlackTeam "Hull & York Vikings"]
[Result "1-0"]
[PlyCount "63"]

1. e4 c5 2. c3 d6 3. d4 cxd4 4. cxd4 Nf6 5. Nc3 g6 6. Nf3 Bg7 7. Bd3 Nc6 8. O-O O-O 9. Be3 Ng4 10. Bd2 Nxd4 11. h3 Nxf3+ 12. Qxf3 Ne5 13. Qe2 Qb6 14. Be3 Qc7 15. Nd5 Qd7 16. Bb5 Qd8 17. Rac1 e6 18. Nc7 Bd7 19. Nxa8 Qxa8 20. Rc7 Qb8 21. Rxd7 Nxd7 22. Bxd7 Qc7 23. Ba4 a6 24. Rc1 Qe7 25. Bb3 Rd8 26. Bb6 Rb8 27. Rc7 Qf6 28. Ba7 Rd8 29. Rxb7 Qxb2 30. Qf3 Qc1+ 31. Kh2 Be5+ 32. g3 {Time forfeit} {[W: 0:00:28; B: 0:00:12]} 1-0

[Event "Junior Online 4NCL Division 1"]
[Site "online"]
[Date "2021.04.01"]
[EventDate "2021.04.01"]
[Round "6.91"]
[White "Ther, Mate"]
[WhiteElo "2040"]
[WhiteTeam "Hull & York Assassins"]
[Black "Le, Anh Dung"]
[BlackElo "1853"]
[BlackTeam "Edgware Gambits A"]
[Result "1-0"]
[PlyCount "81"]

1. e4 c5 2. Nf3 e6 3. d4 cxd4 4. Nxd4 a6 5. c4 Nf6 6. Nc3 Bb4 7. Qc2 Bxc3+ 8. bxc3 d6 9. Bd3 O-O 10. O-O e5 11. Nb3 Be6 12. Bg5 Nbd7 13. Rad1 Qc7 14. Rfe1 h6 15. Be3 Rac8 16. f3 Bxc4 17. Bxc4 Qxc4 18. Rxd6 Qxc3 19. Qf2 Qc2 20. Re2 Qb1+ 21. Re1 Qc2 22. Rd2 Qc6 23. g3 b5 24. Rc1 Qe6 25. Rcd1 Rc4 26. Rd6 Qe7 27. Rxa6 Rfc8 28. Rad6 Rc2 29. R6d2 R2c4 30. g4 Ra4 31. g5 hxg5 32. Bxg5 Qe6 33. Qh4 Nf8 34. Rd6 Ng6 35. Qg3 Qe7 36. Bxf6 gxf6 37. h4 Kh7 38. Rd7 Qe6 39. R1d6 Qc4 40. Rxf6 Rf8 41. Qxg6+ {[W: 0:02:27; B: 0:00:10]} 1-0

[Event "Junior Online 4NCL Division 1"]
[Site "online"]
[Date "2021.04.01"]
[EventDate "2021.04.01"]
[Round "6.92"]
[White "Li, Ethan"]
[WhiteElo "1791"]
[WhiteTeam "Edgware Gambits A"]
[Black "Clarke, Connor"]
[BlackElo "1901"]
[BlackTeam "Hull & York Assassins"]
[Result "1-0"]
[PlyCount "133"]

1. e4 c6 2. d4 d5 3. exd5 cxd5 4. Bd3 Nc6 5. c3 Nf6 6. Bf4 Bg4 7. Qb3 e5 8. dxe5 Nh5 9. Be3 Nxe5 10. Bb5+ Nc6 11. Nd2 Be7 12. Ngf3 O-O 13. O-O Be6 14. Nd4 Nxd4 15. Bxd4 a6 16. Be2 Nf4 17. Bf3 Qd7 18. Be3 Nd3 19. Rfd1 Ne5 20. Bf4 Nxf3+ 21. Nxf3 Bd6 22. Bxd6 Qxd6 23. Nd4 b5 24. a4 bxa4 25. Rxa4 Rab8 26. Qa2 Qb6 27. Rb4 Qc5 28. Qxa6 Rxb4 29. cxb4 Qxb4 30. Nxe6 fxe6 31. Qxe6+ Kh8 32. Qe2 Rd8 33. Rxd5 Rc8 34. Rd1 h6 35. h3 Qa4 36. Qg4 Qe8 37. b4 Rb8 38. Rb1 Qb5 39. Qf3 Qc4 40. Qb3 Qb5 41. Rd1 Kh7 42. Rd4 Qe2 43. Qc3 Rb5 44. Qe3 Qh5 45. Qd3+ Qf5 46. Qxf5+ Rxf5 47. Rd1 Rb5 48. Rb1 Kg6 49. f3 Kf5 50. Kf2 Ke5 51. Ke3 g6 52. f4+ Kf5 53. g4+ Ke6 54. Kd4 Kd6 55. Kc4 Rb8 56. b5 Kc7 57. b6+ Kb7 58. Kd5 Re8 59. Rc1 Rd8+ 60. Ke5 Kxb6 61. Kf6 Rd3 62. Kxg6 Rxh3 63. f5 Rg3 64. Rc4 Kb5 65. Rf4 Kc6 66. f6 Rd3 67. f7 {[W: 0:01:06; B: 0:00:30]} 1-0

[Event "Junior Online 4NCL Division 1"]
[Site "online"]
[Date "2021.04.01"]
[EventDate "2021.04.01"]
[Round "6.93"]
[White "Parkhouse, Max"]
[WhiteElo "1754"]
[WhiteTeam "Hull & York Assassins"]
[Black "Yedid, Lior"]
[BlackElo "1533"]
[BlackTeam "Edgware Gambits A"]
[Result "1-0"]
[PlyCount "95"]

1. d4 Nf6 2. Bf4 e6 3. e3 d5 4. c3 Nc6 5. Nf3 Be7 6. Bd3 O-O 7. Nbd2 Bd6 8. Ne5 Bxe5 9. dxe5 Nd7 10. Nf3 f6 11. exf6 Nxf6 12. h3 Re8 13. Ne5 Nxe5 14. Bxe5 Nd7 15. Qh5 Nxe5 16. Qxe5 Qd6 17. Qh5 g6 18. Qg5 Qe7 19. h4 Qxg5 20. hxg5 c5 21. O-O-O c4 22. Bc2 b5 23. Rh6 a5 24. Rdh1 Re7 25. Kd2 b4 26. e4 Bb7 27. R6h4 Rd8 28. Ke3 Bc6 29. Rd1 Kg7 30. e5 Rb8 31. Kd4 Rc8 32. f4 Bb5 33. g3 Rf8 34. Rdh1 Kg8 35. Rh6 Bc6 36. R1h2 Bb7 37. Kc5 Rc8+ 38. Kd4 Ba6 39. Rh1 Rb8 40. Bxg6 Rbb7 41. Bc2 Bb5 42. g6 Be8 43. gxh7+ Kh8 44. Rf6 Bf7 45. g4 Rb8 46. g5 Kg7 47. g6 Bg8 48. h8=Q# {[W: 0:00:55; B: 0:00:47]} 1-0

[Event "Junior Online 4NCL Division 1"]
[Site "online"]
[Date "2021.04.01"]
[EventDate "2021.04.01"]
[Round "6.94"]
[White "Anand, Dhriti"]
[WhiteElo "1505"]
[WhiteTeam "Edgware Gambits A"]
[Black "Farley, Zak"]
[BlackElo "1650"]
[BlackTeam "Hull & York Assassins"]
[Result "1/2-1/2"]
[PlyCount "82"]

1. b3 e5 2. Bb2 d6 3. e3 Nd7 4. Ne2 Ngf6 5. g3 Be7 6. Bg2 O-O 7. O-O c6 8. d4 exd4 9. Nxd4 d5 10. Nd2 Ne5 11. N4f3 Nxf3+ 12. Nxf3 Re8 13. Rc1 Bf8 14. c4 Be6 15. cxd5 Bxd5 16. Re1 g6 17. Nd4 Bxg2 18. Kxg2 Bg7 19. Nf3 Qc7 20. Qc2 Rad8 21. Rcd1 a6 22. a4 Rxd1 23. Rxd1 Rd8 24. b4 Rxd1 25. Qxd1 Nd5 26. Bxg7 Kxg7 27. Qd4+ Kg8 28. e4 Nb6 29. a5 Nd7 30. Nd2 c5 31. Qc4 Qc6 32. f3 cxb4 33. Qxb4 b6 34. h3 bxa5 35. Qxa5 Qb6 36. Qxb6 Nxb6 37. Nb3 Kf8 38. Kf2 Ke7 39. Ke3 Kd6 40. Kd4 f6 41. f4 Nd7 {[W: 0:02:46; B: 0:01:05]} 1/2-1/2

[Event "Junior Online 4NCL Division 1"]
[Site "online"]
[Date "2021.04.01"]
[EventDate "2021.04.01"]
[Round "6.95"]
[White "Le, Anh Dung"]
[WhiteElo "1853"]
[WhiteTeam "Edgware Gambits A"]
[Black "Ther, Mate"]
[BlackElo "2040"]
[BlackTeam "Hull & York Assassins"]
[Result "0-1"]
[PlyCount "54"]

1. e4 e5 2. f4 exf4 3. Nf3 g5 4. Nc3 d6 5. d4 Bg7 6. g3 Nc6 7. gxf4 Bg4 8. Bb5 Ne7 9. Rg1 Bxf3 10. Qxf3 Bxd4 11. Rxg5 Bf6 12. Rg2 Qd7 13. Nd5 Bh4+ 14. Kf1 a6 15. Qh5 axb5 16. Qxh4 O-O-O 17. Nxe7+ Qxe7 18. Qxe7 Nxe7 19. Rg7 Rdf8 20. f5 Nc6 21. f6 Nd4 22. c3 Ne6 23. Bh6 Kd7 24. Rd1 Rhg8 25. Rxh7 Rh8 26. Rxh8 Rxh8 27. Bf4 Nxf4 {[W: 0:00:23; B: 0:02:03]} 0-1

[Event "Junior Online 4NCL Division 1"]
[Site "online"]
[Date "2021.04.01"]
[EventDate "2021.04.01"]
[Round "6.96"]
[White "Clarke, Connor"]
[WhiteElo "1901"]
[WhiteTeam "Hull & York Assassins"]
[Black "Li, Ethan"]
[BlackElo "1791"]
[BlackTeam "Edgware Gambits A"]
[Result "1-0"]
[PlyCount "79"]

1. d4 Nf6 2. Bg5 g6 3. Bxf6 exf6 4. e3 Bg7 5. g3 O-O 6. Bg2 d5 7. Ne2 c6 8. O-O Bg4 9. Qd3 Bxe2 10. Qxe2 f5 11. Nd2 Nd7 12. b3 Nf6 13. Rac1 Ne4 14. Nxe4 fxe4 15. c4 Rc8 16. cxd5 cxd5 17. Qb5 Rxc1 18. Rxc1 b6 19. Qc6 Qa8 20. Bf1 f5 21. Qe6+ Kh8 22. Bb5 a5 23. Qxb6 Rc8 24. Rxc8+ Qxc8 25. Qxa5 Qc1+ 26. Bf1 h6 27. Qxd5 Qd2 28. a4 h5 29. a5 Bh6 30. Qe5+ Kh7 31. Qe7+ Kh8 32. Qf6+ Kh7 33. Qf7+ Kh8 34. Qxg6 Bxe3 35. Qxh5+ Kg7 36. Qxf5 Bxd4 37. Qd7+ Kf8 38. Qd6+ Kf7 39. Qf4+ Qxf4 40. gxf4 {[W: 0:06:06; B: 0:06:39]} 1-0

[Event "Junior Online 4NCL Division 1"]
[Site "online"]
[Date "2021.04.01"]
[EventDate "2021.04.01"]
[Round "6.97"]
[White "Yedid, Lior"]
[WhiteElo "1533"]
[WhiteTeam "Edgware Gambits A"]
[Black "Parkhouse, Max"]
[BlackElo "1754"]
[BlackTeam "Hull & York Assassins"]
[Result "0-1"]
[PlyCount "67"]

1. e4 e6 2. d4 d5 3. e5 c5 4. c3 Nc6 5. Nf3 Bd7 6. Bd3 cxd4 7. cxd4 Qb6 8. Bc2 Nge7 9. O-O Ng6 10. Nc3 Be7 11. Na4 Qd8 12. Be3 O-O 13. Qd2 Nb4 14. Nc3 Nxc2 15. Qxc2 Rc8 16. Qd2 f6 17. Rfe1 fxe5 18. dxe5 Bc5 19. Bg5 Be7 20. a3 a5 21. Rac1 Bxg5 22. Qxg5 Qb6 23. Rc2 d4 24. Rd1 dxc3 25. bxc3 Ba4 26. Rd6 Rcd8 27. Qd2 Rxd6 28. exd6 Bxc2 29. d7 Qb1+ 30. Ne1 Rd8 31. h3 Be4 32. Kh2 Bc6 33. Qd6 Qxe1 34. Qxc6 {[W: 0:01:21; B: 0:02:37]} 0-1

[Event "Junior Online 4NCL Division 1"]
[Site "online"]
[Date "2021.04.01"]
[EventDate "2021.04.01"]
[Round "6.98"]
[White "Farley, Zak"]
[WhiteElo "1650"]
[WhiteTeam "Hull & York Assassins"]
[Black "Anand, Dhriti"]
[BlackElo "1505"]
[BlackTeam "Edgware Gambits A"]
[Result "1-0"]
[PlyCount "81"]

1. e4 c5 2. Nf3 d6 3. d4 cxd4 4. Nxd4 Nf6 5. Nc3 Nc6 6. Be3 e5 7. Nxc6 bxc6 8. f3 Be7 9. Qd2 Rb8 10. Bc4 a5 11. Bb3 Bb7 12. O-O O-O 13. Rad1 Qd7 14. Bg5 Rfd8 15. f4 Ne8 16. fxe5 Bxg5 17. Qxg5 h6 18. Qh5 d5 19. exd5 cxd5 20. Bxd5 Bxd5 21. Rxd5 Qa7+ 22. Kh1 Rxd5 23. Nxd5 Rxb2 24. e6 Rb7 25. e7 Rxe7 26. Nxe7+ Qxe7 27. Qxa5 Qd7 28. Qf5 Qe7 29. h3 Nd6 30. Qd3 Nb7 31. Qb3 Qd7 32. c4 Nc5 33. Qf3 Qe8 34. Qd5 Ne6 35. c5 Nc7 36. Qd6 Nb5 37. Qd3 Nc7 38. Qf3 Nb5 39. c6 Nc7 40. Qf4 Ne6 41. Qd6 {Time forfeit} {[W: 0:01:16; B: 0:00:16]} 1-0

[Event "Junior Online 4NCL Division 1"]
[Site "online"]
[Date "2021.04.01"]
[EventDate "2021.04.01"]
[Round "6.101"]
[White "Maton, Emily"]
[WhiteElo "1647"]
[WhiteTeam "St Albans Early Knights 1"]
[Black "Ajili, Nour"]
[BlackElo "1608"]
[BlackTeam "KJCA Young Kestrels C"]
[Result "1/2-1/2"]
[PlyCount "111"]

1. g3 d5 2. Nf3 Nc6 3. Bg2 e5 4. d3 Nf6 5. O-O Bg4 6. c4 d4 7. Nbd2 Bd6 8. a3 a5 9. e3 O-O 10. Qc2 dxe3 11. fxe3 Re8 12. b3 Bc5 13. Nb1 e4 14. dxe4 Rxe4 15. Re1 Qe7 16. Qc3 Re8 17. Kf2 Bf5 18. Nh4 Ng4+ 19. Kg1 Re5 20. Nxf5 Rxf5 21. Kh1 Re5 22. h3 Nxe3 23. Bxe3 Rxe3 24. Rxe3 Qxe3 25. Qxe3 Rxe3 26. Nd2 Rxg3 27. Ne4 Bd4 28. Rb1 Re3 29. b4 Rxa3 30. bxa5 Nxa5 31. Nd2 Bc3 32. Ne4 Bd4 33. Rd1 c5 34. Nd6 Ra1 35. Rxa1 Bxa1 36. Nxb7 Nxb7 37. Bxb7 Bd4 38. Bd5 Kf8 39. Kg2 Ke7 40. Kf3 Kf6 41. Kf4 g5+ 42. Kg4 h5+ 43. Kxh5 Kf5 44. Bxf7 Bf2 45. Bd5 Bh4 46. Kh6 Kf4 47. Kg6 g4 48. hxg4 Kxg4 49. Kf7 Kf4 50. Ke6 Kg5 51. Kd6 Bf2 52. Kc6 Bd4 53. Kb5 Kf5 54. Kc6 Ke5 55. Kb5 Kd6 56. Kb6 {[W: 0:01:31; B: 0:00:46]} 1/2-1/2

[Event "Junior Online 4NCL Division 1"]
[Site "online"]
[Date "2021.04.01"]
[EventDate "2021.04.01"]
[Round "6.102"]
[White "Brightley-Davies, Ciaran"]
[WhiteElo "1585"]
[WhiteTeam "KJCA Young Kestrels C"]
[Black "Ravithas, Ashwin"]
[BlackElo "1510"]
[BlackTeam "St Albans Early Knights 1"]
[Result "0-1"]
[PlyCount "128"]

1. e4 e5 2. Nf3 Nc6 3. d4 d6 4. dxe5 dxe5 5. Qxd8+ Kxd8 6. Bb5 f6 7. O-O Bd6 8. Nc3 Nge7 9. Be3 Bd7 10. Rad1 Ke8 11. Nd2 a6 12. Ba4 b5 13. Bb3 Na5 14. Bd5 Nxd5 15. Nxd5 Bc6 16. a3 Bxd5 17. exd5 Kf7 18. b4 Nb7 19. Ne4 Rhd8 20. Bc5 Bxc5 21. Nxc5 Nxc5 22. bxc5 Rd7 23. Rd3 Rad8 24. Rfd1 a5 25. f3 g6 26. Kf2 f5 27. g3 b4 28. a4 Ke7 29. Ke3 g5 30. f4 gxf4+ 31. gxf4 exf4+ 32. Kxf4 Kf6 33. h4 Rg8 34. d6 c6 35. Rh3 Rg4+ 36. Kf3 Rc4 37. Rd2 Rxc5 38. Kf2 Ke6 39. Re3+ Re5 40. Red3 Rd5 41. Re2+ Kxd6 42. Rde3 Kc5 43. Kf3 Kc4 44. Kf2 Rd2 45. Ke1 Rxe2+ 46. Kxe2 Rd4 47. Kf3 Rxh4 48. Re5 Rh2 49. Rxa5 Rxc2 50. Rxf5 Ra2 51. a5 b3 52. Rf7 Rxa5 53. Rb7 Rb5 54. Rxb5 cxb5 55. Ke3 b2 56. Kd2 b1=Q 57. Ke2 Qd3+ 58. Kf2 Qe4 59. Kg3 Qf5 60. Kh4 Qg6 61. Kh3 Kd3 62. Kh4 Ke4 63. Kh3 Kf3 64. Kh4 Qg4# {[W: 0:00:55; B: 0:01:32]} 0-1

[Event "Junior Online 4NCL Division 1"]
[Site "online"]
[Date "2021.04.01"]
[EventDate "2021.04.01"]
[Round "6.103"]
[White "Ball, Katie C"]
[WhiteElo "1526"]
[WhiteTeam "St Albans Early Knights 1"]
[Black "Oprea, Danny"]
[BlackElo "1656"]
[BlackTeam "KJCA Young Kestrels C"]
[Result "1-0"]
[PlyCount "73"]

1. d4 d5 2. Nc3 Nf6 3. Bf4 a6 4. e3 e6 5. Nf3 Be7 6. Bd3 O-O 7. Ne5 Nbd7 8. Qf3 h6 9. g4 Nxe5 10. dxe5 Nd7 11. O-O-O Bg5 12. Bxg5 Qxg5 13. h4 Qxe5 14. g5 c5 15. gxh6 gxh6 16. Rdg1+ Kh8 17. Rh3 c4 18. Be2 b5 19. Rhg3 Bb7 20. Qg4 b4 21. Na4 Bc6 22. b3 Bxa4 23. bxa4 Qa1+ 24. Kd2 Qc3+ 25. Kc1 b3 26. axb3 cxb3 27. Bd3 Rac8 28. Qh5 Qf6 29. Rg6 Qa1+ 30. Kd2 Qc3+ 31. Kc1 Qa1+ 32. Kd2 Qc3+ 33. Ke2 Qxc2+ 34. Bxc2 Rxc2+ 35. Kf3 Ne5+ 36. Qxe5+ Kh7 37. Qg7# {[W: 0:00:14; B: 0:02:52]} 1-0

[Event "Junior Online 4NCL Division 1"]
[Site "online"]
[Date "2021.04.01"]
[EventDate "2021.04.01"]
[Round "6.104"]
[White "Pasari, Rohan"]
[WhiteElo "1615"]
[WhiteTeam "KJCA Young Kestrels C"]
[Black "Ball, Charlie"]
[BlackElo "1465"]
[BlackTeam "St Albans Early Knights 1"]
[Result "0-1"]
[PlyCount "62"]

1. d4 Nf6 2. c4 e5 3. dxe5 Ng4 4. Nf3 Bc5 5. e3 Nc6 6. Nc3 Bb4 7. Bd2 Ncxe5 8. Nxe5 Nxe5 9. Nd5 Bxd2+ 10. Qxd2 c6 11. Nf4 O-O 12. Qd4 Ng6 13. Nh5 f6 14. Bd3 Qa5+ 15. Ke2 Qxh5+ 16. Ke1 Qe5 17. Qg4 f5 18. Qh5 d5 19. cxd5 Qxd5 20. Qe2 Be6 21. b3 b5 22. Rd1 Qxg2 23. Kd2 Qg5 24. Rhg1 Qf6 25. e4 Qb2+ 26. Bc2 Rad8+ 27. Ke1 Rxd1+ 28. Qxd1 Qc3+ 29. Kf1 fxe4 30. Bxe4 Bh3+ 31. Ke2 Nf4# {[W: 0:08:16; B: 0:05:03]} 0-1

[Event "Junior Online 4NCL Division 1"]
[Site "online"]
[Date "2021.04.01"]
[EventDate "2021.04.01"]
[Round "6.105"]
[White "Ajili, Nour"]
[WhiteElo "1608"]
[WhiteTeam "KJCA Young Kestrels C"]
[Black "Maton, Emily"]
[BlackElo "1647"]
[BlackTeam "St Albans Early Knights 1"]
[Result "0-1"]
[PlyCount "30"]

1. e4 c5 2. Nf3 g6 3. d4 cxd4 4. Nxd4 Nf6 5. Nc3 d6 6. f3 Bg7 7. Be3 Nc6 8. Bc4 Qb6 9. Rb1 Qc7 10. O-O Nxd4 11. Qxd4 O-O 12. Nd5 Nxd5 13. Qxd5 Be6 14. Qd3 Bxc4 15. Qc3 Bxc3 {[W: 0:07:24; B: 0:09:30]} 0-1

[Event "Junior Online 4NCL Division 1"]
[Site "online"]
[Date "2021.04.01"]
[EventDate "2021.04.01"]
[Round "6.106"]
[White "Ravithas, Ashwin"]
[WhiteElo "1510"]
[WhiteTeam "St Albans Early Knights 1"]
[Black "Brightley-Davies, Ciaran"]
[BlackElo "1585"]
[BlackTeam "KJCA Young Kestrels C"]
[Result "0-1"]
[PlyCount "94"]

1. e4 e6 2. d4 d5 3. exd5 exd5 4. Nf3 Nf6 5. Nc3 Bb4 6. Bd2 O-O 7. Be2 Bg4 8. O-O c6 9. h3 Bh5 10. a3 Bxc3 11. Bxc3 Nbd7 12. Re1 Re8 13. a4 Ne4 14. Qd3 Ndf6 15. Ne5 Bxe2 16. Rxe2 Nxc3 17. Qxc3 Ne4 18. Qd3 Re6 19. f3 Ng3 20. Ree1 Qg5 21. Qe3 Qxe3+ 22. Rxe3 Nf5 23. Rd3 Rae8 24. g4 Nh4 25. b4 R8e7 26. Kf2 f6 27. Kg3 g5 28. f4 fxe5 29. dxe5 h6 30. Rf1 Rf7 31. Rf2 Re8 32. c3 Ng6 33. fxg5 Rxf2 34. Kxf2 hxg5 35. Re3 Rxe5 36. Rxe5 Nxe5 37. Ke3 Kf7 38. Kd4 Kf6 39. Ke3 b6 40. Kd4 Ke6 41. Ke3 a6 42. Kd4 Nf3+ 43. Ke3 Ng1 44. Kf2 Nxh3+ 45. Kg3 Nf4 46. Kf3 Ke5 47. Ke3 c5 {[W: 0:00:32; B: 0:01:50]} 0-1

[Event "Junior Online 4NCL Division 1"]
[Site "online"]
[Date "2021.04.01"]
[EventDate "2021.04.01"]
[Round "6.107"]
[White "Oprea, Danny"]
[WhiteElo "1656"]
[WhiteTeam "KJCA Young Kestrels C"]
[Black "Ball, Katie C"]
[BlackElo "1526"]
[BlackTeam "St Albans Early Knights 1"]
[Result "1-0"]
[PlyCount "143"]

1. c4 f5 2. Nc3 e5 3. d4 exd4 4. Qxd4 d6 5. Bf4 Nf6 6. g3 Be7 7. Bg2 Nc6 8. Qd1 O-O 9. Nf3 Be6 10. b3 Ne4 11. Nxe4 fxe4 12. Nd4 Nxd4 13. Qxd4 Bf6 14. Qd1 Bc3+ 15. Bd2 Bxa1 16. Qxa1 Qf6 17. Qxf6 Rxf6 18. Bxe4 Bh3 19. Bxb7 Re8 20. Be3 Rf5 21. Bc6 Re7 22. a4 a5 23. Bd5+ Kf8 24. Kd2 Re8 25. Bc6 Rb8 26. Bb5 c6 27. Bxc6 Rxb3 28. Kc2 Rb4 29. Bb5 Kf7 30. Bd2 Rfxb5 31. cxb5 Rxa4 32. Kb3 Re4 33. e3 Be6+ 34. Ka3 a4 35. Bb4 Bb3 36. Bxd6 Ke6 37. Bf4 Rc4 38. g4 Rc3 39. Re1 Bc2+ 40. Kb2 Rc4 41. b6 Be4 42. Bc7 Rb4+ 43. Ka3 Rc4 44. Rd1 Bc2 45. Rd4 Rxd4 46. exd4 Kd7 47. h4 Kc6 48. f4 g6 49. g5 Bb3 50. Kb4 Bc2 51. Bd8 Bb3 52. Be7 Kxb6 53. Bf8 Kc6 54. Kc3 Kd5 55. Kd3 Bc4+ 56. Kc3 Bb3 57. Kd3 Ba2 58. Bc5 Bb1+ 59. Ke3 Ba2 60. f5 Bb1 61. f6 Ke6 62. Kf4 Bc2 63. Ke3 Bb3 64. Kd2 Bd5 65. Kc3 Ba2 66. Kb4 Bb3 67. Kb5 Kf7 68. Kc6 Ba2 69. d5 Bb3 70. d6 Ke8 71. Kc7 Be6 72. Bb4 {Time forfeit} {[W: 0:04:58; B: 0:00:10]} 1-0

[Event "Junior Online 4NCL Division 1"]
[Site "online"]
[Date "2021.04.01"]
[EventDate "2021.04.01"]
[Round "6.108"]
[White "Ball, Charlie"]
[WhiteElo "1465"]
[WhiteTeam "St Albans Early Knights 1"]
[Black "Pasari, Rohan"]
[BlackElo "1615"]
[BlackTeam "KJCA Young Kestrels C"]
[Result "1-0"]
[PlyCount "99"]

1. e4 e5 2. Nf3 Nc6 3. d4 exd4 4. Bc4 h6 5. c3 dxc3 6. O-O cxb2 7. Bxb2 Nf6 8. Nc3 Bb4 9. Re1 O-O 10. e5 Bxc3 11. Bxc3 Ne8 12. Nd4 Nxd4 13. Qxd4 d6 14. e6 Qg5 15. e7 Bh3 16. exf8=Q+ Kxf8 17. Qd5 Qg6 18. Qe4 Qg5 19. Bd3 Nf6 20. Bxf6 gxf6 21. Qf3 Bg4 22. Qxb7 Rd8 23. Qxc7 f5 24. Qc1 Qg6 25. Qf4 Bh3 26. Qg3 Qxg3 27. fxg3 Bg4 28. h3 Bh5 29. Bxf5 Bg6 30. Bxg6 fxg6 31. Re6 d5 32. Rf1+ Kg7 33. Re7+ Kh8 34. Rfe1 d4 35. Re8+ Rxe8 36. Rxe8+ Kg7 37. Rd8 Kf6 38. Rxd4 Ke5 39. Ra4 Kf5 40. Rxa7 g5 41. g4+ Kg6 42. Kf2 h5 43. Ra6+ Kf7 44. gxh5 Kg7 45. h6+ Kf7 46. g4 Ke7 47. h7 Kf7 48. h8=R Ke7 49. Rh7+ Kf8 50. Ra8# {[W: 0:05:20; B: 0:09:27]} 1-0

[Event "Junior Online 4NCL Division 1"]
[Site "online"]
[Date "2021.04.01"]
[EventDate "2021.04.01"]
[Round "6.111"]
[White "Buanne, Luca"]
[WhiteElo "1871"]
[WhiteTeam "KCJS 1"]
[Black "Pert, Nina"]
[BlackElo "1707"]
[BlackTeam "Brentwood School A"]
[Result "1/2-1/2"]
[PlyCount "127"]

1. d4 e6 2. c4 f5 3. g3 Nf6 4. Bg2 Bb4+ 5. Nd2 O-O 6. a3 Bxd2+ 7. Bxd2 d6 8. Nf3 Qe8 9. O-O e5 10. e3 Nc6 11. Qc2 Qh5 12. b4 f4 13. dxe5 dxe5 14. exf4 Bh3 15. Ng5 Bxg2 16. Kxg2 Nd4 17. Qd1 Qg6 18. fxe5 Nh5 19. Qg4 Rad8 20. Be3 Nf5 21. Qe2 Qc6+ 22. Kg1 g6 23. g4 Nxe3 24. Qxe3 Nf4 25. Qe4 Qe8 26. Nf3 Qf7 27. Ng5 Qe7 28. Nf3 Qe6 29. Ne1 Qxg4+ 30. Kh1 Qh3 31. Ng2 Nxg2 32. Qxg2 Qe6 33. Qe4 Rf5 34. f4 Rdf8 35. Rae1 c6 36. Re2 Rh5 37. Rg2 Rxe5 38. Qxe5 Qxe5 39. fxe5 Rxf1+ 40. Rg1 Rf3 41. Rd1 Rxa3 42. Rd8+ Kf7 43. Rd7+ Ke6 44. Rxb7 h5 45. Rc7 Ra6 46. Rg7 Kxe5 47. Rxg6 Kd4 48. b5 Ra1+ 49. Kg2 Ra2+ 50. Kh3 cxb5 51. cxb5 Ra3+ 52. Kh4 Ra2 53. h3 Rb2 54. Rg5 Kc4 55. Rxh5 Rb4 56. Kg3 Rb3+ 57. Kg4 Rb4 58. Kf3 Rb3+ 59. Kf2 Rb2+ 60. Ke3 Rb3+ 61. Ke4 Rb4 62. Ke3 Rb3+ 63. Kd2 Rb2+ 64. Kc1 {[W: 0:01:20; B: 0:00:26]} 1/2-1/2

[Event "Junior Online 4NCL Division 1"]
[Site "online"]
[Date "2021.04.01"]
[EventDate "2021.04.01"]
[Round "6.112"]
[White "Pert, Max"]
[WhiteElo "1662"]
[WhiteTeam "Brentwood School A"]
[Black "Patel, Sen"]
[BlackElo "1703"]
[BlackTeam "KCJS 1"]
[Result "0-1"]
[PlyCount "76"]

1. d4 d5 2. Nf3 Nf6 3. c4 e6 4. Nc3 Be7 5. Bf4 O-O 6. e3 c5 7. cxd5 Nxd5 8. Nxd5 Qxd5 9. Bd3 cxd4 10. exd4 Bb4+ 11. Bd2 Nc6 12. O-O Bd7 13. h4 Rac8 14. Rc1 Bxd2 15. Qxd2 Qxa2 16. Qg5 Qb3 17. Bxh7+ Kxh7 18. Qh5+ Kg8 19. Ng5 Qd3 20. Rc3 Qg6 21. Qd1 f6 22. Nh3 Qe4 23. Qh5 Nxd4 24. Re3 Qf5 25. Qd1 e5 26. Rg3 Qe4 27. Re1 Qxh4 28. Kh2 Rc2 29. Qd3 Bf5 30. Qe3 Rxb2 31. Qc3 Rxf2 32. Qc4+ Rf7 33. Ree3 Rc2 34. Qb5 Nxb5 35. Rb3 a6 36. Rbf3 Bxh3 37. Rxh3 Qe4 38. Rd3 Qxg2# {[W: 0:00:41; B: 0:00:25]} 0-1